00000000nam 2200000zi 4500
0019.934139
003CaOODSP
00520250109074553
006m     o  d f      
007cr mn|||||||||
008240219s1970    onc     o    f000 0 eng d
040 |aCaOODSP|beng|erda|cCaOODSP
0410 |aeng|afre
043 |an-cn---
0861 |aC2-673/1970-PDF
24500|aAutomotive Adjustment Assistance Program, AAA = |bProgramme d'aide à la réadaptation de l'industrie de l'automobile, AAA.
24611|aProgramme d'aide à la réadaptation de l'industrie de l'automobile, AAA
24616|aAutomotive Adjustment Assistance Program (AAA) = |bProgramme d'aide à la réadaptation de l'industrie de l'automobile (AAA)
264 1|aOttawa, Canada : |bDepartment of Industry, Trade and Commerce = Ministère de l'industrie et du commerce, |c1970.
300 |a1 online resource (4 pages)
336 |atext|btxt|2rdacontent
337 |acomputer|bc|2rdamedia
338 |aonline resource|bcr|2rdacarrier
500 |aTitle from cover.
500 |aDigitized edition from print [produced by Innovation, Science and Economic Development Canada].
546 |aText in English and French.
650 0|aAutomobile supplies industry|zCanada|xFinance.
650 0|aAutomobile supplies industry|xGovernment policy|zCanada.
650 0|aTrade adjustment assistance|zCanada.
7101 |aCanada. |bDepartment of Industry, Trade and Commerce, |eissuing body.
788 |tAutomotive Adjustment Assistance Program, AAA = |efre|w(CaOODSP)9.946620
85640|qPDF|s490 KB|uhttps://publications.gc.ca/collections/collection_2025/isde-ised/c2/C2-673-1970.pdf